00359nam a2200109Ia 4500008004100000020002200041041001200063100003200075245008900107260003200196650002100228231221s9999 xx 000 0 und d a978-0-387-23484-7 aEnglish aJerzy Pejas, Andrzej Piegat 0aEnhanced Methods in Computer Security, Biometric and Artificial Intelligence Systems c2005bSpringer USaNew York aComputer Science